000 02383cam a22004694i 4500
003 PE-LiUPU
005 20250731165438.0
008 160530s2016 pe a grm 000 0 spa d
035 _a(Sirsi) a156942
040 _aPE-LiUPU
_bspa
_cPE-LiUPU
_erda
099 _aTPS 2 B94 2016
100 1 _aBurga Delgado, Isaías
_eautor
245 1 _aInteligencia emocional y resiliencia en pacientes con cáncer de mama en el HNGAI-EsSalud de Lima, 2016
_cIsaías Burga Delgado.
264 0 _c2016
300 _a92 hojas :
_bilustraciones;
_c30 cm
336 _atext
_2rdacontent
337 _aunmediated
_2rdamedia
338 _avolume
_2rdacarrier
502 _aTesis
_b(Lic.) --
_cUniversidad Peruana Unión,
_d2016.
504 _aIncluye referencias
520 3 _aEl objetivo del presente estudio fue determinar la relación entre inteligencia emocional y resiliencia en pacientes con cáncer de mama en el Hospital Nacional Guillermo Almenara Irigoyen -EsSalud de Lima, 2016. El estudio es no experimental de corte transversal y de tipo correlacional, se contó con la participación de 57 pacientes con cáncer de mama comprendidos entre las edades de 23 a 89 años. Los instrumentos usados fueron la Escala TMMS-24 de Salovey y Mayer adaptada por Fernández, Extremera y Ramos (2004). Las propiedades psicométricas de los instrumentos indican que son válidos y confiables para esta investigación. Los resultados muestran que existe relación positiva y altamente significativa entre inteligencia emocional y resiliencia (r=.663, p=0.00), es decir que, en la medida que los pacientes con cáncer de mama evidenciaron mayores niveles de inteligencia emocional, también presentaron mayores niveles de resiliencia.
526 _aSEG44
526 _aSEG26
526 _aP151
526 _aP150
526 _aP149
526 _aP146
526 _aP145
526 _aP126
526 _aP125
526 _aP92
526 _aP75
526 _aP74
526 _aP27
526 _aP15
650 0 4 _aEnfermos de cáncer
_xResiliencia
_vTesis.
650 0 4 _aEnfermos de cáncer
_xInteligencia emocional
_vTesis.
700 1 _aSánchez Vásquez, Tito
_eautor
596 _a1
942 _2ddc
_cTESIS
999 _aTPS 2 B94 2016
_wALPHANUM
_c9606
_iT01953
_lCCODEBUL3
_mBUL
_r1
_sY
_tTESIS
_u2016-5-30
_xSALUD
_PP33
_o.STAFF. Tesis
_d9606
980 _81
_gALBERTO SANCHEZ Responsable de Automatización